Quiz sul Basket NBA - Statistics

Statistiche generali
  • Questo quiz è stato fatto 15 volte
  • Il punteggio medio è 12 su 20
Statistiche sulle risposte
Domanda Risposta % Corretto
Per cosa sta la sigla NBA? National Basketball Association
92%
Quante squadre partecipano in NBA? 30
83%
Chi è il giocatore che ha realizzato più punti in carriera NBA? LeBron James
83%
Quando inizia il calendario NBA? Ottobre
83%
Chi è il giocatore che ha realizzato più punti in una partita in Regular Season? Wilt Chamberlain
83%
A chi è dedicato il trofeo del campionato di NBA? Larry O'Brien
75%
Chi è l'allenatore che ha vinto più campionati NBA? Phil Jackson
75%
Quante squadre Canadesi sono presenti in NBA? 1
67%
Quante partite fa una squadra di NBA in una Regular Season? 82
67%
Chi è l'attuale Commissario dell'NBA? Adam Silver
67%
Quale squadre hanno vinto almeno 3 campionati di fila? Minneapolis Lakers, Boston Celtics, Chicago Bulls, L.A. Lakers
67%
Qual è il giocatore che ha giocato più minuti in NBA? LeBron James
58%
Chi è il giocatore che ha realizzato più punti in una partita dei Playoff? Michael Jordan
58%
In che anno venne fondata l'NBA? 1946
50%
Quale squadra ha il record di vittorie in NBA? Boston Celtics
50%
Quale squadra non è mai arrivata nelle Finals e neanche nelle Final Conference? Charlotte Hornets
50%
In che percentuale Nike produce le divise ufficiali NBA da gara? 100%
42%
Il palazzetto di quale squadra ha più capienza? Philadelphia 76ers
25%
in che anno l'ultima squadra entrò in NBA? 2002
17%
Paese del primo non americano, ad essere stato la prima scelta nel Draft NBA Bahamas
8%
Nessun quiz corrispondente trovato
Distribuzione punteggi
Percentuale di utenti per punteggio
Percentile per numero di risposta
I tuoi punteggi nel tempo
Non hai fatto questo quiz